Benthic habitats and the effects of fishing
Salvato in:
| Autori principali: | , |
|---|---|
| Natura: | Libro |
| Lingua: | inglese |
| Pubblicazione: |
Bethesda
American Fisheries Society
2005
|
| Soggetti: | |
| Tags: |
Aggiungi Tag
Nessun Tag, puoi essere il primo ad aggiungerne!!
|
MARC
| LEADER | 00000nam a2200000 a 4500 | ||
|---|---|---|---|
| 001 | UCJ1239 | ||
| 003 | CL-VaPUC | ||
| 008 | 061006e20050000US |||||||||||||||||eng|d | ||
| 020 | |a 1888569603 | ||
| 082 | 0 | 4 | |a 639.22 |b BAR |2 21 |
| 100 | 0 | |a Barnes, Peter W |e author |9 501778 | |
| 700 | 0 | |a Thomas, James P |e author |9 501779 | |
| 245 | 1 | 0 | |a Benthic habitats and the effects of fishing |
| 300 | |a 890 p | ||
| 942 | |c BK | ||
| 945 | |d 20061006 00:00:00 |a cmena | ||
| 260 | |a Bethesda |b American Fisheries Society |c 2005 | ||
| 650 | 7 | |a PESCA INDUSTRIAL |2 CL-VaPUC |9 451814 | |
| 650 | 0 | |a Protección del medio ambiente |9 257626 | |
| 650 | 0 | |a Congresos |9 257560 | |
| 650 | 0 | |a Animales bentónicos |9 501780 | |
| 650 | 7 | |a HABITAT |2 CL-VaPUC |9 267395 | |
| 583 | |a last modification |c 20130422 12:20:10 |k Rodrigo Vera | ||
| 999 | |c 317898 |d 317896 | ||
| 952 | |0 0 |1 0 |4 0 |6 639_220000000000000_BAR_2005 |7 0 |8 CCM |9 394965 |a BIBCUR |b BIBCUR |d 2019-11-22 |i 4285735 |o 639.22 BAR 2005 |p 4285735 |r 2025-04-22 |w 2019-11-22 |y BK |k CIM | ||